000
00277nam a22001217a 4500
003
SGT
082
_a
158.3
_b
E13L
100
_a
LANGDRIDGE, DARREN
245
_a
EXISTENTIAL COUNSELLING & PSYCHOTHERAPY
260
_a
ANGELES
_b
SAGE
_c
2013
300
_a
159
942
_2
ddc
_c
BK
_0
3
999
_c
15039
_d
15039